header

The Lego movie : junior novel (Record no. 263441)

MARC details
000 -LEADER
fixed length control field 00230nam a22000977a 4500
020 ## - INTERNATIONAL STANDARD BOOK NUMBER
ISBN 9780545624640
100 ## - MAIN ENTRY--AUTHOR NAME
Personal name Kate Howard
245 ## - TITLE STATEMENT
Title The Lego movie : junior novel
260 ## - PUBLICATION, DISTRIBUTION, ETC. (IMPRINT)
Place of publication New York
Name of publisher Scholastic Inc
Year of publication 2014
942 ## - ADDED ENTRY ELEMENTS (KOHA)
Koha item type Long Loan Books
Holdings
Withdrawn status Lost status Collection code Home library Current library Shelving location Date acquired Accession Number Koha item type
    Fiction Rongo University Library Rongo University Library Children's Area 04/04/2024 CL2021629 Long Loan Books

© 2026 Rongo University
Contact us: librarian | system librarian | Rongo university